banner-ar

الافلاس الدولى لمجموعة الشركات متعددة الجنسيات : (Record no. 60618)

MARC details
000 -الفاتح
حقل البيانات ثابتة الطول 00806nam a22001937a 4500
005 - وقت وتاريخ اخر تعامل مع التسجيلة
رقم الضبط 20240530110419.0
008 - عناصر البيانات ثابتة الطول - معلومات عامة
حقل البيانات ثابتة الطول 141019s2010 ua grb 000 0 ara d
020 ## - الرقم الدولى المعيارى للكتب
الرقم الدولى المعيارى للكتاب 9773282139
040 ## - مصدر الفهرسة
وكالة الفهرسة الأصلية EG-CaGPL
082 04 - رقم تصنيف ديوى العشرى
رقم الطبعة 21
رقم التصنيف 346.078\
رقم المادة ش إ
100 0# - المدخل الرئيسى - إسم شخصى
الإسم الشخصى شريف محمد غنام
245 12 - بيان العنوان
العنوان الافلاس الدولى لمجموعة الشركات متعددة الجنسيات :
بقية العنوان مسئولية الشركة الام الاجنبية عن ديون شركاتها الوليدة /
بيان المسئوليه,etc شريف محمد غنام
260 ## - PUBLICATION, DISTRIBUTION, ETC. (IMPRINT)
تاريخ النشر أو التوزيع 2010
300 ## - الوصف المادى
التعداد 274 ص ؛
أبعاد الوعاء 24 سم
650 04 - المدخل الاضافى بالموضوع-مصطلح موضوعى
مصطلح موضوعي الشركات الدولية
650 04 - المدخل الاضافى بالموضوع-مصطلح موضوعى
مصطلح موضوعي الشركات الدولية
التقسيم الفرعي العام افلاس
942 ## - عناصر المدخل الإضافي( كوها)
مصدر التصنيف او مخطط الترفيف Dewey Decimal Classification
Koha [default] item type كتاب
260 ## - PUBLICATION, DISTRIBUTION, ETC. (IMPRINT)
-- الاسكندرية :
-- دار الجامعة الجديدة ،
Holdings
حالة التراجع حالة الفقد حالة تلف ليس للاعارة المكان المؤقت الموقع الحالى تاريخ الاكتساب اجمالي اﻻعارات رقم الطلب الباركود تاريخ اخر مشاهدة تاريخ تفعيل السعر نوع وعاء كوها
        مكتبة القاهرة الكبرى مكتبة القاهرة الكبرى 03/09/2015   346.078\ ش إ 159717 03/09/2015 03/09/2015 كتاب

Powered By

EGPV